00338 a2200109 450000500170000002000220001708200120003910000140005124500600006526000530012530000500017820250701090528.0 a978-81-203-3537-0 a332 GOM aGOMEZ, C. aFinancial Markets, Institutions and Financial Services. aNew Delhi,bPHI Learning Private Limited,c2008. axxv, 501p.: ill.; figure, table bIndexc23cm